000 00446nam a2200169Ia 4500
003 OSt
005 20210920121619.0
008 190216s9999||||xx |||||||||||||| ||und||
040 _coclc
082 _a510
_bAMO/R
100 _aAmozee, Nahadath Savad
_98803
245 0 _aRiyadiyyath /
_cNahadath Savad Amozee
260 _bIsisk Kitabevi,
300 _a101p
650 _aArabic
942 _cBK
_2ddc
_h510
_iAMO/R
_k510
_mAMO/R
999 _c300
_d300